000 00851cam a22002055a 4500
001 L159323
008 160811s2016 xxk f 000 0 eng d
020 _a9781119055310
035 _a(Sirsi) u159323
041 0 _aeng
100 1 _aKibert, C.
245 0 0 _aSustainable Construction
_h[electronic resource]
260 _aOxford
_bJohn Wiley & Sons Inc
_c2016
520 _aBroad coverage of green building information updated with the latest advances in the field. With information concerning the design, construction and operation of high performance green buildings with coverage including architecture, engineering and construction.
590 _aKA
651 4 _aENGLAND AND WALES
690 _aSustainability
_96271
856 4 0 _uhttps://www.vlebooks.com/
_zView on VLEbooks. Logins for members only from [email protected]
942 _n0
999 _c115805
_d115805